Leyenda del cardenal.
Guardado en:
| Formato: | Libro |
|---|---|
| Idioma: | Undetermined |
| Publicado: |
Buenos Aires :
Producciones Mawis,
2004.
|
| Edición: | 1a ed. |
| Series: | Leyendas argentinas ;
5 |
| Materias: | |
| Etiquetas: |
Agregar Etiqueta
Sin Etiquetas, Sea el primero en etiquetar este registro!
|
| LEADER | 00489nam a22001695a 4500 | ||
|---|---|---|---|
| 001 | CEM.cems024253 | ||
| 008 | 240822s2004####ag############000#0#und#d | ||
| 005 | 20240823100149.0 | ||
| 245 | 1 | 0 | |a Leyenda del cardenal. |
| 250 | |a 1a ed. | ||
| 260 | |a Buenos Aires : |b Producciones Mawis, |c 2004. | ||
| 300 | |a 8 p. | ||
| 490 | 1 | |a Leyendas argentinas ; |v 5 | |
| 020 | |a 9879166744 | ||
| 653 | |a Leyendas | ||
| 653 | |a Leyendas argentinas | ||
| 859 | |a CEMS |b BIB. CEMS - Inicial y Primaria |h 398.2 |i M449-2 |k IP |p 3078 |t Ej.1 | ||
